[Event "FIDE-Wch k.o."]
[Site "Tripoli"]
[Date "2004.07.07"]
[Round "7.2"]
[White "Kasimdzhanov, Rustam"]
[Black "Adams, Michael"]
[Result "1-0"]
[WhiteElo "2652"]
[BlackElo "2731"]
[Annotator "Huzman,A"]
[PlyCount "109"]
[EventDate "2004.06.19"]
[EventType "k.o."]
[EventRounds "7"]
[EventCountry "LBY"]
[SourceTitle "CBM 102"]
[Source "ChessBase"]
[SourceDate "2004.09.23"]
[SourceVersion "1"]
[SourceVersionDate "2004.09.23"]
[SourceQuality "1"]

1. e4 e5 2. Nf3 Nf6 3. Nxe5 d6 4. Nf3 Nxe4 5. d4 d5 6. Bd3 Nc6 7. O-O Be7 8. c4
Nb4 9. Be2 O-O 10. Nc3 Be6 11. Ne5 f6 12. Nf3 Kh8 13. a3 Nxc3 14. bxc3 Nc6 15.
Nd2 Na5 (15... f5 16. Re1 (16. a4 Na5 17. cxd5 Bxd5 18. Rb1 Bg8 19. Re1 c5 $132
{0-1 Livshits,G-Smirnov,I/Alushta 2002/(34)}) 16... Bf6 (16... Bg8 17. Rb1 Rb8
18. Bf3 Bf6 19. cxd5 Bxd5 20. Nf1 Ne7 21. Ne3 {1/2-1/2 Illescas Cordoba,
M-Iordachescu,V/Bled 2002/EXT 2003 (21)}) 17. a4 (17. Bf3 Bg8 18. cxd5 (18. Rb1
Rb8 (18... b6) 19. cxd5 Bxd5 20. a4 Qd6 21. Bxd5 Qxd5 22. Rb5 Qd7 23. Ba3 $36 {
1-0 Wozniak,Z-Endean,A/IECC 2003/Telechess CBM 97 (65)}) 18... Bxd5 19. Nb3 b6
20. Bf4 Rc8 (20... Ne7 21. Be5 c6 22. Bxf6 Rxf6 23. Nc1 Ng6 24. Nd3 h6 25. Ne5
Nh4 26. Bxd5 Qxd5 27. f3 c5 28. dxc5 {1/2-1/2 Leko,P-Kramnik,V/Dortmund 2000/
CBM 78 (28)}) (20... Re8 21. Be5 Qd7 22. Bxf6 gxf6 23. Nc1 Re6 24. Rxe6 Qxe6
25. Nd3 Re8 26. h3 {1/2-1/2 Galkin,A-Motylev,A/Dubai UAE 2001/(26)}) 21. Be5
Qd7 22. Bxf6 Rxf6 23. Nc1 Re6 $1 $11 {1/2-1/2 Galkin,A-Motylev,A/Dubai 2001/
CBM 83/[Huzman] (26)}) 17... Bg8 (17... Re8 18. Ba3 Qd7 19. Nb3 b6 20. c5 Nd8
21. Bb5 c6 22. Bd3 $14 {1-0 Hermansson,E-Moen,A/Oslo NOR 2003/(48)}) (17... Qd7
18. c5 Na5 19. Bb5 c6 20. Bd3 Rae8 21. Rb1 Bf7 22. Rxe8 Rxe8 23. Qc2 Bg6 24.
Nf1 Nc4 25. Qb3 b6 26. cxb6 Nxb6 27. a5 Nc8 28. Qb7 $16 {1-0 Rocius,M-Lamarche
Rodriguez,L/ICCF Email 2001/ICCF Telechess CBM 100 (37)}) 18. c5 $5 Re8 19. Nf3
h6 (19... Re4 $5 20. Bd3 Rxe1+ 21. Qxe1 Qd7 $14) 20. Rb1 Rb8 21. Bd3 $1 $16 {
1-0 Leko,P-Grischuk,A/Wijk aan Zee-A 2002/(47)}) 16. cxd5 Bxd5 (16... Qxd5 $6
17. Re1 (17. Bb2 Qd7 (17... Qf5 18. c4 b6 19. Re1 Bd6 20. Bc3 Rae8 21. Bh5 g6
22. Bf3 Nxc4 23. Rxe6 Qxe6 24. d5 Ne3 25. dxe6 Nxd1 26. Rxd1 Rxe6 27. Nc4 $14 {
1/2-1/2 Krüger,H-Bergmann,M/Chessfriend.com 2003/Telechess CBM 93 (31)}) 18. c4
Bf5 19. Re1 Rae8 20. Bc3 Nc6 21. Nf3 Bd6 22. Nh4 b6 23. Nxf5 Qxf5 24. g3 Nd8
25. Qa4 Nf7 26. Bf1 (26. Qxe8 $1 Rxe8 27. Bg4 Qe4 28. Rxe4 Rxe4 29. Bf3 $16)
26... Rxe1 27. Rxe1 Ng5 $132 {1/2-1/2 Kupsys,A-Plaumann,R/ICCF Email 2002/ICCF
Telechess CBM 100 (50)}) 17... Rfe8 18. Bb2 {[%cal Gc3c4]} Qc6 19. Bd3 Bf7 20.
Qc2 $1 h6 21. c4 $16 {1-0 Fedorov,A-Sorokin,M/Moscow Aeroflot op 2003/CBM 94/
[Huzman] (38)}) 17. c4 (17. Bd3 Bg8 $5 18. Re1 c5 19. Bb2 $6 (19. Qg4 $1 Nc6
20. Nf3 $36) 19... Nc6 20. Qg4 $2 Ne5 $1 $17 {0-1 Rosito,J-Pierrot,J/Pinamar
2002/CBM 88/[Huzman] (38)}) 17... Bf7 18. Bb2 f5 $6 {[%csl Re5] This move
weakens the square e5. I think it was not necessary.} (18... c5 19. d5 Bg6 20.
f4 $36) (18... Bd6 $5 19. Bc3 c5 20. d5 Qc7 $14) 19. Bc3 c5 20. d5 Bf6 21. Qc2
b6 22. Bd3 Bxc3 23. Qxc3 Nb7 24. Nf3 $16 {[%cal Gf3e5] White has a clear
advantage due to his full control over file "e" and the weakness of square e5.}
Nd6 25. Ne5 f4 26. Rfe1 Bg8 27. Nc6 Qg5 28. Qe5 Qxe5 (28... Qh6 29. h4 $5 Rae8
30. Qg5 $16) 29. Nxe5 Rfe8 (29... b5 30. cxb5 Bxd5 31. Nd7 $16) (29... Rae8 30.
a4 g5 31. a5 $16) 30. a4 g6 31. g3 $1 fxg3 32. hxg3 Kg7 33. f4 Re7 34. a5 {
[%csl Rb6]} b5 35. cxb5 Bxd5 36. Bf1 Nf5 37. Ra3 (37. Kf2 $5) 37... Nd4 (37...
Rc8 38. Rc3 Kf6 39. Rec1 $16) 38. Rd1 (38. Rc3 $1 Rc8 39. Rec1 c4 $1 40. b6 (
40. Bxc4 Bxc4 41. Rxc4 Rxc4 42. Rxc4 Nxb5 $14) 40... axb6 41. axb6 Rb7 42. Nxc4
Rc6 43. Ne3 Rxc3 44. Rxc3 Bf7 45. Nc4 $16) 38... Rd8 (38... Rc8 39. Rc3 Be6 40.
Rdc1 Nb3 41. Nc6 Rec7 42. Re1 $16) 39. Rc3 Be6 40. Kf2 $2 {From this move the
minuses of the FIDE time control became obvious. The quantity of mistakes of
later moves was too high.} (40. Rdc1 $1 $16) 40... Rc8 $2 (40... Nxb5 41. Rxd8
Nxc3 $15) 41. Rb1 $16 g5 42. b6 (42. Bg2 $5 gxf4 43. gxf4 Rf8 44. b6 Rxf4+ 45.
Ke3 Rf8 46. Rxc5 $16) 42... axb6 43. axb6 gxf4 44. gxf4 Bd5 45. Bd3 $6 (45. Bh3
$1 Rf8 (45... Ne6 46. Rd1 $16) 46. Ke3 Rxf4 47. Rxc5 Re4+ 48. Kd3 Bb7 49. Bc8
$1 R4xe5 (49... Nf3 50. Nxf3 Re3+ 51. Kc4 Bxf3 $16) 50. Rxe5 Rxe5 51. Kxd4 (51.
Bxb7 Ne6 52. Bc6 Nd8 $16) 51... Re4+ 52. Kd3 Re7 53. Bxb7 Rxb7 54. Kc4 Kg6 55.
Kc5 h5 56. Kc6 Rb8 57. Rb5 h4 58. Kc7 Rh8 59. b7 Rh7+ (59... h3 60. b8=Q Rxb8
61. Kxb8 h2 62. Rb1 Kg5 63. Rh1 $18) 60. Kb6 Rh8 61. Ka7 Rh7 62. Ka8 Rh8+ 63.
b8=Q Rxb8+ 64. Kxb8) 45... Rf8 $2 (45... Ne6 46. Kg3 (46. Bf5 Kf6 47. Bh3 Rf8
48. Re1 Rb7 $14) 46... Rg8 $132) 46. Ke3 $6 (46. Rxc5 $1 Rxe5 (46... Ne6 47.
Rxd5 Nxf4 48. Rd7 Nxd3+ 49. Ke3 $18) (46... Rxf4+ 47. Ke3 Kf6 48. Rxd5 Rxe5+
49. Kxf4 Ne6+ (49... Rxd5 50. b7 Nc6 51. Rb6 $18) 50. Kg3 Rxd5 51. Bc4 $1 Rd8
52. b7 Rb8 53. Rb6 $18) 47. Rc7+ Kf6 48. fxe5+ Kxe5+ 49. Ke3 $18) 46... Nc6 $2
(46... Ne6 47. Rg1+ Kh8 48. f5 Ng7 49. Rxc5 Nxf5+ 50. Bxf5 Rxe5+ 51. Kd4 Rexf5
52. Rxd5 $14) 47. Rxc5 $18 Nxe5 48. fxe5 Bb7 (48... Rxe5+ 49. Kd4 $18) (48...
Rf3+ 49. Kd4 Bb7 50. Rc7 $18) 49. Be4 Rff7 50. Bxb7 Rxb7 51. Ke4 Rfd7 52. Rc6
Kf8 53. e6 Rd2 54. Rf1+ Ke8 (54... Kg7 55. Rc7+ Rxc7 56. bxc7 Rc2 57. e7 $18)
55. Rc8+ 1-0

[Event "RUS-ch 56th"]
[Site "Krasnoyarsk"]
[Date "2003.09.09"]
[Round "6"]
[White "Svidler, Peter"]
[Black "Morozevich, Alexander"]
[Result "1-0"]
[WhiteElo "2723"]
[BlackElo "2679"]
[Annotator "Huzman,A"]
[PlyCount "97"]
[EventDate "2003.09.03"]
[EventType "swiss"]
[EventRounds "9"]
[EventCountry "RUS"]
[SourceTitle "CBM 098"]
[Source "ChessBase"]
[SourceDate "2004.02.03"]
[SourceVersion "1"]
[SourceVersionDate "2004.02.03"]
[SourceQuality "1"]

{[%mdl 2]} 1. e4 e5 2. Nf3 Nf6 3. Nxe5 d6 4. Nf3 Nxe4 5. d4 d5 6. Bd3 Bd6 7.
O-O O-O 8. c4 c6 9. Qc2 Na6 10. a3 f5 11. Nc3 Nc7 12. b4 a5 (12... Bd7 13. Bb2
Be8 (13... Ng5 14. Ne5 Bxe5 15. dxe5 f4 16. f3 Kh8 17. Rfd1 Qe8 18. Rac1 (18.
cxd5 $1 $16 {Leko}) 18... dxc4 $8 19. Bxc4 a5 $132 {1/2-1/2 Leko,P-Morozevich,
A/Dortmund 2002/CBM 90/[Huzman] (41)}) 14. c5 Be7 15. Ne5 g6 16. f3 Ng5 17.
Rae1 Bf6 18. Nd1 Bg7 19. g3 Nf7 20. f4 $14 {1/2-1/2 Rytshagov,M-Lauk,U/Tallinn
EST 2003/(32)}) (12... Nxc3 13. Qxc3 dxc4 14. Bxc4+ Be6 $1 (14... Nd5 15. Qb3
Kh8 16. Bg5 Be7 17. Bxe7 Nxe7 18. Ne5 Nd5 19. Bxd5 cxd5 20. Rfe1 $16 {1-0
Gaprindashvili,N-Sternina,V/Tbilisi 1973/EXT 2001 (53)}) 15. Bxe6+ Nxe6 16. Re1
Qd7 17. Ra2 Rae8 18. Rae2 Nc7 19. Ne5 Bxe5 20. dxe5 Re6 21. Rd2 Nd5 22. Qd4 $14
{1-0 Polgar,J-Lautier,J/Cap D'Agde FRA 2003/(48)}) (12... Kh8 13. Bb2 (13. c5
Be7 14. Bf4 Ne6 15. Be5 Bf6 16. Rfd1 Bd7 17. Rab1 Be8 18. Be2 Bh5 19. Na4 Qe8
20. b5 Bxe5 21. dxe5 Nf4 $17 {0-1 Wang Yu-Nguyen Thi Thanh An/Chennai 2001/CBM
84 ext (46)}) 13... Bd7 14. Ne5 Be8 15. Ne2 Qg5 16. Kh1 Qh4 17. g3 Qf6 18. f3
Ng5 19. Nf4 Nge6 20. Nxe6 Nxe6 21. f4 $16 {1-0 Zontakh,A-Kochyev,A/St
Petersburg 2002/EXT 2003 (34)}) 13. b5 $1 (13. c5 Be7 14. Bb2 Ne6 15. Na4 Bf6
16. Nb6 Ra7 17. Ne5 Nf4 18. f3 Bxe5 19. dxe5 Ng5 20. e6 Bxe6 21. Qd2 Nxd3 22.
Qxd3 axb4 23. axb4 Rxa1 24. Rxa1 $44 {1/2-1/2 Anand,V-Shirov,A/Monte Carlo MNC
2003/(39)}) 13... Bd7 14. Rb1 (14. b6 Ne6 15. cxd5 cxd5 16. Nxd5 Bc6 17. Ne3
Nf4 18. Bc4+ Kh8 $44) 14... Kh8 $6 {Unfortunately, this move deprives Black of
a possibility to meet Bf4 with g5} (14... Be8 $5 15. bxc6 bxc6 16. c5 Be7 17.
Ne2 Bf6 18. Rb6 $1 {[%csl Rc6]} Ne6 (18... Bh5 19. Rxc6 $16) 19. Nf4 $16) 15.
c5 Be7 16. bxc6 bxc6 17. Bf4 $16 Ne6 (17... g5 $2 18. Be5+ Bf6 19. Rb7 Ne6 20.
Bxf6+ Rxf6 21. Ne5 $18) 18. Be5 {[%mdl 32] White has just everything- the "c6"
pawn and the "e5" square are quite weak while the "b" file is under his total
control} Be8 {[%cal Ye8h5]} 19. Rb6 $1 Qc8 (19... Bf6 20. Ne2 Bh5 21. Rxc6 Qe8
22. Rxe6 $1 Qxe6 23. Nf4 Qe8 (23... Qf7 24. Bxf6 Bxf3 25. Be5 Bh5 26. f3 Ng5
27. Bd6 $18) 24. Bxf6 Rxf6 25. Ne5 Bf7 26. f3 Ng5 27. Bxf5 $16) (19... Bh5 20.
Rxc6 Qd7 21. Rb6 Bxf3 22. gxf3 N4g5 23. Kg2 $16) 20. Nd2 (20. Rfb1 Bh5 21. Rb7
Qe8 $132) 20... Bg5 (20... Bd8 21. f3 $1 {Svidler} Bxb6 22. cxb6 $44) (20...
Bf6 21. Bxf6 Rxf6 22. Ne2 $16) 21. Nb3 (21. f4 Bd8 22. Rb2 $14) 21... Bh5 (
21... Bd8 {Svidler} 22. f3 $1) 22. a4 $1 (22. f3 Be3+ 23. Kh1 a4 24. Nxa4 Rxa4
25. fxe4 fxe4 26. Rxf8+ Qxf8 27. Rb8 Nd8 28. Be2 Bxe2 29. Qxe2 Bg5 $13) 22...
Qe8 (22... Bf4 {Svidler} 23. Bxf4 Nxf4 24. f3 Nxc3 25. Qxc3 Rf6 26. Qd2 $16) (
22... Nf4 {Svidler} 23. f3 Nxd3 24. Qxd3 Nxc3 25. Qxc3 Bd8 26. Nxa5 f4 27. Rfb1
Qf5 28. R1b3 $16) 23. f3 N6xc5 (23... Be3+ 24. Kh1 Nxc3 25. Qxc3 f4 26. Na1 $5
$16 {[%csl Re3][%cal Ga1c2] Svidler}) (23... N4xc5 {Svidler} 24. dxc5 Be3+ 25.
Kh1 Nxc5 26. Nxc5 Bxc5 27. Bc7 $1 $16) (23... Rc8 {Svidler} 24. fxe4 Be3+ 25.
Kh1 fxe4 26. Ba6 Rxf1+ 27. Bxf1 Qf7 28. Ba6 Ra8 29. Nd1 $18) 24. Nxe4 (24. fxe4
Nd7 25. Ra6 $1 Rxa6 26. Bxa6 Nxe5 27. dxe5 fxe4 $44) 24... Nxe4 (24... fxe4 25.
Nxc5 exd3 26. Qxd3 $16) 25. Rb7 (25. g4 $5) (25. fxe4 fxe4 26. Ba6 $1 $16 Rxa6
$140 27. Rxf8+ Qxf8 28. Rb8 Be8 29. Qf2 $1 Bf6 (29... Qg8 30. h4 $1 (30. Qg3
Bh6 31. Qh4 c5 32. Nxc5 Be3+ 33. Kh1 Ra7 34. Qd8 Rf7 35. h4 Rf8 36. Qe7 $18 {
[%cal Gc5e6]}) 30... Bh6 31. g4 $18) 30. Nc5 Ra7 31. Bxf6 gxf6 32. Ne6 Qe7 33.
Qxf6+ $1 Kg8 34. Qf5 $18 {[%cal Gf5h5]}) 25... Bf6 (25... Nf6 26. Bxf5 $16) 26.
fxe4 Bxe5 27. dxe5 fxe4 (27... dxe4 28. Bc4 Qxe5 29. Qd2 e3 30. Qd4 $16) 28.
Rxf8+ Qxf8 29. Be2 (29. Bf1 $5 e3 30. Nc1 $16) 29... Bxe2 30. Qxe2 Qf5 31. Qf2
Qxe5 32. Qg3 $1 Qxg3 33. hxg3 h6 34. Kf2 Rf8+ 35. Ke2 Rf6 36. Nxa5 Rg6 (36...
c5 37. Rb5 $18) 37. Kf2 Rf6+ 38. Ke1 e3 (38... Rg6 39. Rb6 d4 40. Nxc6 d3 41.
a5 Rxg3 (41... e3 42. Ne5 d2+ 43. Ke2 Rxg3 44. Rg6 $18) 42. a6 e3 43. a7 d2+
44. Kd1 Rxg2 45. Rb8+ (45. a8=Q+) 45... Kh7 46. Rd8 $18) (38... d4 39. Nb3 $18)
39. Re7 d4 40. Nb3 c5 41. a5 (41. Nxc5 $18) 41... Ra6 42. Ke2 (42. Re5 d3 43.
Nxc5 d2+ 44. Kd1 Rxa5 45. Re8+ Kh7 46. Nb3 $18) 42... Rg6 43. Nxc5 Rxg3 44. a6
Rxg2+ 45. Kd3 Rd2+ (45... Ra2 46. Kxd4 e2 47. Kd3 $18) 46. Kc4 Kh7 (46... e2
47. a7 Ra2 48. Nd3 Kh7 49. Kb5 $18) 47. a7 Ra2 48. Kb5 d3 49. Na6 1-0

[Event "Ciocaltea Memorial"]
[Site "Bucharest"]
[Date "2001.03.09"]
[Round "6"]
[White "Fressinet, Laurent"]
[Black "Motylev, Alexander"]
[Result "1/2-1/2"]
[WhiteElo "2581"]
[BlackElo "2570"]
[Annotator "Huzman,A"]
[PlyCount "61"]
[EventDate "2001.03.04"]
[EventType "tourn"]
[EventRounds "11"]
[EventCountry "ROU"]
[EventCategory "12"]
[SourceTitle "CBM 082"]
[Source "ChessBase"]
[SourceDate "2001.05.17"]
[SourceVersion "1"]
[SourceVersionDate "2001.05.17"]
[SourceQuality "1"]

1. e4 e5 2. Nf3 Nf6 3. Nxe5 d6 4. Nf3 Nxe4 5. d4 d5 6. Bd3 Nc6 7. O-O Be7 8. c4
Nb4 9. Be2 O-O 10. Nc3 Be6 11. Ne5 f6 12. Nf3 Kh8 13. Re1 c5 (13... Bg8 14. a3
Nxc3 15. bxc3 Nc6 16. cxd5 Bxd5 17. Bb2 f5 18. Nd2 Bf6 19. c4 Bf7 20. Nb3 b5
21. cxb5 Bxb3 22. Qxb3 Nxd4 $11 {1/2-1/2 Lutz,C-Van der Sterren,P/Venlo NED
2000/ (30)}) (13... c6 $6 14. a3 Na6 15. cxd5 cxd5 16. Bd3 f5 17. Bf4 Rc8 18.
Qb3 Bf6 19. Be5 Qe7 20. Rac1 Bg8 21. Bxa6 bxa6 22. Ne2 $16 {1-0 Khalifman,
A-Timman,J/Hoogeveen NED 2000 (36)}) (13... f5 14. a3 Nc6 15. cxd5 Bxd5 16. Bd3
Bf6 17. Be3 Nxc3 18. bxc3 Qd7 19. Ng5 Ne7 20. c4 Bg8 21. Rb1 b6 22. Nf3 $14 {
1/2-1/2 Svidler,P-Adams,M/New Delhi IND 2000/ (37)}) 14. cxd5 (14. Be3 f5 15.
cxd5 Nxc3 16. bxc3 Nxd5 17. Bd2 cxd4 18. Nxd4 Bg8 19. Rb1 Qc7 20. Nb5 Qd7 21.
c4 {1/2-1/2 Zvjaginsev,V-Motylev,A/Linares ESP 2001/ (21)}) 14... Bxd5 15. Nxd5
Qxd5 16. Be3 (16. a3 Nc6 17. dxc5 Qxd1 18. Bxd1 Nxc5 19. Bc2 Rfd8 20. b4 Nd3
21. Bxd3 Rxd3 22. b5 Ne5 23. Nxe5 fxe5 24. Bb2 Rb3 (24... Rd2 25. Bxe5 Bc5 26.
Bg3 Rf8 27. Rac1 b6 $44) 25. Bxe5 Bxa3 $11) 16... Rfd8 17. a3 (17. Qa4 $6 c4 {
[%cal Yb7b5]}) 17... Nc6 18. dxc5 Qxd1 19. Raxd1 Bxc5 20. Bxc5 (20. Bd3 $5 Bxe3
21. Bxe4 Bb6 22. Bxc6 bxc6 23. Kf1 $14 {/=}) 20... Nxc5 21. b4 Ne4 $1 {[%cal
Ye4c3]} 22. Rc1 a6 23. Bxa6 Rxa6 24. b5 Ra4 25. bxc6 bxc6 26. Rxc6 h6 $44 27.
h4 (27. Kf1 Rd3 28. Re6 Ng5 $11) (27. Rc7 Nd6 $1 28. Ree7 Nf5 $11) (27. Re3 $5
Rd1+ 28. Ne1 f5 29. g3 Ra1 30. f3 Nd2 31. Kf2 R1xa3 32. Re7 Ra7 $14) 27... Nd2
$1 28. Nxd2 Rxd2 29. g3 (29. h5 Rd5 $11) 29... Rxa3 30. Rc7 Ra8 31. Rb7 1/2-1/2

[Event "Corus"]
[Site "Wijk aan Zee"]
[Date "2004.01.19"]
[Round "8"]
[White "Topalov, Veselin"]
[Black "Shirov, Alexei"]
[Result "1/2-1/2"]
[WhiteElo "2735"]
[BlackElo "2736"]
[Annotator "Huzman,A"]
[PlyCount "55"]
[EventDate "2004.01.10"]
[EventType "tourn"]
[EventRounds "13"]
[EventCountry "NED"]
[EventCategory "19"]
[SourceTitle "CBM 099"]
[Source "ChessBase"]
[SourceDate "2004.03.30"]
[SourceVersion "1"]
[SourceVersionDate "2004.03.30"]
[SourceQuality "1"]

1. e4 e5 2. Nf3 Nf6 3. Nxe5 d6 4. Nf3 Nxe4 5. d4 d5 6. Bd3 Bd6 7. O-O O-O 8. c4
c6 9. cxd5 cxd5 10. Nc3 Nxc3 11. bxc3 Bg4 12. Rb1 Nd7 13. h3 Bh5 14. Rb5 Nb6
15. c4 Bxf3 16. Qxf3 dxc4 17. Bc2 Qd7 18. a4 g6 19. Be3 (19. Bd2 c3 $1 {
see Kasparov-Shirov/Linares 2000/CBM76}) 19... Rac8 20. Rfb1 (20. Bh6 Rfe8 21.
Bf5 gxf5 22. Qg4+ fxg4 23. Rg5+ Kh8 {1/2-1/2 Zaw,W-Paciencia,E/Surabaya 2002/
CBM 89 ext (23)}) 20... c3 21. a5 (21. h4 $5 Nc4 22. Rxb7 Rc7 23. Rxc7 Bxc7 24.
h5 (24. Qf6 Nxe3 25. fxe3 Re8 26. h5 Bd8 27. Qf4 Bc7 $11 {1-0 Kuczynski,
R-Rozentalis,E/Warsaw 1999/EXT 2002 (33)}) 24... Nxe3 25. fxe3 Re8 $11 {
, Kuczynski- Rozentalis Warszawa 1999}) (21. d5 Rfe8 22. Bd4 Qe7 23. Bxc3 Qc7
24. R5b3 Nxa4 $19 {0-1 Martin,B-Dutreeuw,M/Istanbul 2000/EXT 2001 (69)}) 21...
Nc4 22. Rxb7 (22. Bh6 Rfe8 23. Rxb7 (23. Qf6 Bf8 24. Bxf8 Rxf8 25. Rxb7 Qc6 26.
Qxc6 {1/2-1/2 Froeyman,H-Dutreeuw,M/Belgium 2000/CBM 81 ext (26)}) 23... Qe6
24. Qxc3 Na3 25. d5 Qe5 26. Qxe5 Rxe5 27. Rd7 Nxb1 28. Rxd6 Nc3 $17 {1/2-1/2
Solodovnichenko,Y-Maly,A/Kharkov 2002/CBM 86 ext (49)}) 22... Qe6 (22... Rc7
23. Bh6 Re8 24. Rxc7 Qxc7 25. Qxc3 Na3 $2 26. Re1 $1 Rb8 27. Qxc7 Bxc7 28. Re7
$1 $18 {1-0 Motylev,A-Ristic,N/Jugoslavija 79/282 2000/[Motylev,A] (47)}) 23.
Ra1 (23. Rc1 $2 Nxe3 24. fxe3 Rc7 25. Bb3 Qe7 26. a6 Kg7 27. Rxc7 Qxc7 28. Qb7
Rc8 $11 {Kazhgaleyev,M-Arencibia,W/Elista ol (Men) 1998/CBM 66 ext/1/2-1/2 (44)
}) (23. Rxa7 Nd2 $17) (23. Bb3 $5 $146 Qf5 $1 (23... Bb8 24. Bh6 c2 25. Bxc2 (
25. Rc1 $1 $16) 25... Nxa5 26. Bxf8 Nxb7 27. Bb3 Qd7 28. Bh6 Nd6 29. Bf4 Qf5
30. Ba2 Nb5 {1/2-1/2 Nijboer,F-Piket,J/Nederland (ch) 78/(328) 2000/[RR] (30)})
24. Ra1 (24. Qxf5 gxf5 25. Ra1 $1 f4 (25... Nxe3 $5 26. fxe3 Rc7 27. a6 Re8 28.
Kf2 (28. Rf1 Rxe3 29. Rxf5 Ree7 $1) 28... f4 29. exf4 Bxf4 $14) 26. Bc1 Rfe8 $2
(26... Nd2 $1 $11) 27. f3 $1 $14 {1/2-1/2 Grischuk,A-Shirov,A/New Delhi/Theran
2000/CBM 80/[Ftacnik] (35)}) 24... Nd2 (24... Qxf3 25. gxf3 Nxe3 26. fxe3 Rc7
27. a6 Re8 28. Kf2 Ree7 $11 {0-1 Marechal,A-Kund,W/IECG 2001/Telechess CBM 91 
(39)}) 25. Qxf5 gxf5 26. g3 Rb8 (26... Nxb3 27. Rxb3 c2 28. Rc1 Rc4 29. Kf1
Rfc8 30. Ke2 a6 {1/2-1/2 Petran,P-Galyas,M/Budapest 2001/CBM 82 ext (30)}) 27.
Rxb8 Rxb8 {1/2-1/2 Anisimov,P-Egin,V/St Petersburg 2002/EXT 2003 (27)}) 23...
Rc7 (23... Bb8 $6 24. Bb3 $1 $16 {0-1 Anand,V-Shirov,A/Linares 78/328 2000/
[Shirov,A] (41)}) (23... Nd2 24. Qd1 Rc7 25. Rxc7 {1/2-1/2 Herrera,I-Zarnicki,
P/Havana 2002/CBM 88 ext (25)}) (23... Rfe8 24. Bb3 Re7 25. a6 Kg7 26. g4 Rcc7
27. Rc1 Nd2 28. Bxd2 cxd2 29. Rcxc7 Qe1+ 30. Kg2 Bxc7 31. g5 h6 32. gxh6+ Kh7
33. h4 Rd7 {1-0 Dobrowolski,A-Karpov,A/Pardubice 2002/EXT 2003 (33)}) 24. a6 $6
(24. Rxc7 $1 Bxc7 25. Bh6 Re8 (25... Rc8 $5 26. Qxc3 Qd6 (26... Qf6 27. g3 Nd6
28. Be3 $16) 27. g3 $16) 26. Qxc3 Bxa5 27. Qd3 Bc7 (27... Bb6 28. Bb3 Nb2 29.
Qc3 Qe2 30. Be3 $18) 28. Bb3 Qd6 29. g3 Ne5 30. Qb5 (30. Qe3 Qxd4 31. Rxa7 $36)
30... Nf3+ 31. Kg2 Rb8 32. Bxf7+ Kxf7 33. Qc4+ Kf6 34. Kxf3 $16) 24... Nxe3 25.
fxe3 Kg7 26. e4 f6 27. Qxc3 Rff7 28. Qb3 (28. Qb2 Qc4 29. Bb1 (29. Bb3 Rxb7 30.
axb7 Qb4 $11) 29... Bf4 30. Kf2 Rfd7 31. g3 Bc1 32. Qb4 Qxb4 33. Rxb4 Bd2 $11 {
[%cal Yd2c3]}) (28. Qb3 Qxb3 29. Bxb3 Rxb7 30. axb7 Rxb7 $11) (28. Rxc7 Rxc7
29. Qb2 Qc4 30. Bd1 Qd3 $40) 1/2-1/2

[Event "Moscow Aeroflot op-A"]
[Site "Moscow"]
[Date "2005.02.20"]
[Round "6"]
[White "Kobalia, Mihail"]
[Black "Ivanchuk, Vassily"]
[Result "1/2-1/2"]
[WhiteElo "2634"]
[BlackElo "2711"]
[Annotator "Huzman,A"]
[PlyCount "95"]
[EventDate "2005.02.15"]
[EventType "swiss"]
[EventRounds "9"]
[EventCountry "RUS"]
[SourceTitle "CBM 106"]
[Source "ChessBase"]
[SourceDate "2005.06.06"]
[SourceVersion "1"]
[SourceVersionDate "2005.06.06"]
[SourceQuality "1"]

1. e4 e5 2. Nf3 Nf6 3. Nxe5 d6 4. Nf3 Nxe4 5. Nc3 Nxc3 6. dxc3 Be7 7. Bf4 Nc6
8. Qd2 O-O 9. O-O-O Bf5 10. h3 (10. Bd3 Bxd3 11. Qxd3 Rb8 12. h4 Qd7 13. Ng5 f5
14. Qd5+ $18 {1-0 Rieling,T-Hasselmann,D/Germany 2001/EXT 2002 (25)}) (10. Be2
Re8 11. Nd4 Nxd4 12. cxd4 Bf6 13. Rhe1 Qd7 14. Kb1 Re4 $11 {1/2-1/2 Nemeth,
F-Grgurovic,A/Sozina 2004/CBM 98 ext (31)}) (10. h4 Qd7 11. Ng5 Rad8 12. f3 Ne5
13. g4 Be6 14. Bd3 h6 15. Bh7+ Kh8 16. Be4 Nc4 17. Qd3 Ne5 (17... d5 $1) 18.
Qe2 $13 {1-0 Renner,C-Weisshaupt,R/Bad Wiessee 2002/EXT 2003 (27)}) 10... Bf6 (
10... Rb8 11. Nd4 Nxd4 12. cxd4 Qd7 $11 {1/2-1/2 Llames Prado,R-Bombin Pinera,
D/Gijon 1999/EXT 2001 (26)}) 11. Rg1 {[%cal Gg2g4]} Ne5 12. Be2 Be6 13. Kb1 Nc4
14. Qc1 Nb6 {Black lost a lot of time for piece manoeuvres. So it is not
surprising that White received the initiative.} (14... Qd7 15. Nd4 Bd5 16. Bg5
Qd8 17. h4 $36) 15. Ng5 Bf5 $6 (15... Bxg5 $142 16. Bxg5 Qd7 $132) 16. g4 Bg6
17. h4 $36 {>>} Re8 18. Be3 {[%cal Gh4h5]} Qe7 (18... c6 19. h5 Bxc2+ 20. Kxc2
Bxg5 21. Bxg5 Rxe2+ 22. Kd3 Qe8 23. Be3 $16) 19. Rge1 Bxg5 20. hxg5 (20. Bxg5
Qxe2 (20... Qd7 21. h5 Be4 22. h6 $16) 21. Rxe2 Rxe2 22. Rd2 $16) 20... c6 21.
c4 (21. Qd2 Nd5 22. Bd4 Qe4 $132) 21... d5 (21... Qe6 22. b3 d5 23. Bxb6 axb6
24. cxd5 Qd7 25. dxc6 Qxc6 26. Bd3 $16) 22. Bxb6 (22. cxd5 Nxd5 23. Bd2 Qc5 24.
f4 Be4 $15) 22... axb6 23. cxd5 (23. Bd3 Qc5 24. Rxe8+ Rxe8 25. cxd5 cxd5 (
25... Qxf2 26. d6 $36) 26. Bxg6 hxg6 27. Qd2 $14) 23... cxd5 24. Bd3 Qc5 25.
Bxg6 hxg6 26. Rxe8+ (26. Qd2 $5) 26... Rxe8 27. Qf4 (27. Qd2 $1 Qc4 (27... Re4
28. f3 Re5 29. c3 $16) 28. b3 Qxg4 29. Qxd5 $16) 27... Qc4 28. Qxc4 dxc4 29. a4
Re5 30. Rd7 ({In the line} 30. Rd8+ Kh7 31. Rd7 Rxg5 32. Rxb7 Rxg4 33. Rxb6 Rf4
34. Rb4 Rxf2 35. Rxc4 {I think that White's pawns are faster.}) 30... b5 31. a5
b4 32. Rxb7 b3 $1 (32... Rxa5 33. Rb8+ Kh7 34. Rxb4 c3 35. f4 $18) 33. cxb3
cxb3 34. Rxb3 Rxa5 35. f4 Ra4 36. Rf3 (36. Rb8+ Kh7 37. b4 Ra3 $1 {[%cal Ya3f3]
} 38. Kc2 (38. Rb7 Rf3 $1 (38... Kg8 39. b5 Rf3 40. Kc2 Rxf4 41. b6 Rxg4 (41...
Rb4 42. Kc3 Rb1 43. Kc4) 42. Rc7 Rb4 43. b7 Kh7 44. Rxf7 $18) 39. Rxf7 Rb3+ 40.
Kc2 Rxb4 $14) (38. b5 Ra4 39. Kc2 Rxf4 40. Re8 Rxg4 41. Re3 Rxg5 42. b6 Rc5+
43. Rc3 Rb5 44. Rb3 Rc5+) 38... Rf3 $132) 36... Kf8 $11 37. b3 Re4 38. Kb2 Ke7
39. Ka3 Kd6 40. b4 Kc6 41. Ka4 Kb6 42. Rf1 Rc4 43. f5 gxf5 44. gxf5 Rg4 45. f6
Rxg5 46. fxg7 Rxg7 47. Rf6+ Kb7 48. Ka5 1/2-1/2

[Event "Manila zt 3.2a"]
[Site "Manila"]
[Date "2001.04.30"]
[Round "9"]
[White "Antonio, Rogelio Jr"]
[Black "Donguines, Fernie"]
[Result "1-0"]
[WhiteElo "2548"]
[BlackElo "2425"]
[Annotator "Huzman,A"]
[PlyCount "39"]
[EventDate "2001.04.24"]
[EventType "swiss"]
[EventRounds "9"]
[EventCountry "PHI"]
[SourceTitle "CBM 083"]
[Source "ChessBase"]
[SourceDate "2001.07.05"]
[SourceVersion "1"]
[SourceVersionDate "2001.07.05"]
[SourceQuality "1"]

1. e4 e5 2. Nf3 Nf6 3. Nc3 Bb4 4. Nxe5 O-O 5. Nd3 Bxc3 6. dxc3 Nxe4 7. c4 b6 8.
Be2 Nc6 9. Nf4 Ba6 10. O-O Re8 11. Re1 Qh4 $6 (11... Ne5 $142 12. Qd4 Bb7 13.
Nd5 Bxd5 14. cxd5 Nd6 $14) 12. g3 Qf6 13. f3 $1 Nc5 $6 (13... Qd4+ 14. Qxd4
Nxd4 15. fxe4 Nxc2 16. Bd2 Bb7 17. Rad1 Nxe1 18. Bxe1 $14 {/+/-}) (13... Ng5
14. Kg2 Qd4 15. c3 Qxd1 16. Rxd1 Ne5 17. b3 Bb7 18. Nd5 $16) 14. c3 Ne5 $2 {
[%mdl 8192]} (14... Ne6 15. Nd5 $16) 15. b4 Ne6 (15... Na4 16. Nd5 (16. Qxa4
Nxf3+ 17. Bxf3 Rxe1+ 18. Kg2 c6 $13 (18... Qxc3 19. Bxa8 Qxa1 20. Qxd7 $40))
16... Qd6 17. Qxa4 Nxf3+ 18. Bxf3 Rxe1+ 19. Kf2 Bxc4 20. Bf4 Rxa1 21. Bxd6
Rxa2+ 22. Qxa2 Bxa2 23. Ne7+ $16) 16. Nd5 Qf5 (16... Qg6 17. b5 c6 18. f4 cxd5
19. fxe5 $18) (16... Qd8 17. b5 Bb7 18. f4 Ng6 19. f5 $18) 17. f4 $18 Ng5 18.
fxg5 Bxc4 19. Bf4 Qe4 20. Bh5 1-0